000 01203nam a2200325 a 4500
001 000109685
003 CHAP
005 20220329144100.0
008 140520s2014 mx sm |||||||spa d
010 _a106147
011 _a107119
040 _cCHAP
090 _aTesis
100 1 _aCruz Valencia, Pédro
_9126944
245 1 0 _aCaracterización de las prácticas de mantenimiento en campos de golf y su impacto en el manejo fitosanitario
_h[En línea]
_cpor Pedro Cruz Valencia.
260 _aChapingo, Méx. :
_bEl autor,
_c2014.
500 _aPara ver el contenido del material haga clic en la liga
502 _aTesis (Ing. Agr. Esp. en Parasitología Agrícola) -- UACH. Departamento de Parasitología Agrícola
590 _aBATCH-UPD
_b05
_c20141002
_lUCH01
_h0904
590 _aE5765TAJ
_b05
_c20140520
_lUCH01
_h1115
590 _aE5765TAJ
_b05
_c20140520
_lUCH01
_h1116
650 1 4 _aCampos de golf.
_918094
650 1 4 _aCésped
_xEnfermedades por hongos.
_924334
650 1 4 _aCésped
_xPlagas.
_924336
650 1 4 _aManejo integrado de plagas.
_970365
856 _aFinding aid
_uhttp://10.13.5.2/tesis/sist109685.pdf
_zTeclea aquí
901 _aBK
942 _cTESIS
942 _n0
999 _c106147
_d106147